| 000 | 005090000a22001930004500 | ||
|---|---|---|---|
| 001 | 2042 | ||
| 003 | CO-MdFUSB | ||
| 005 | 20170628163718.0 | ||
| 008 | 170628b xxu||||| |||| 00| 0 eng d | ||
| 020 | _a958-04-7411-7 | ||
| 040 | _cCO-MdBIC | ||
| 082 | 0 | 4 | _a863C L59l4c |
| 100 | 1 | _aMcVeigh, Mark | |
| 245 | 1 | 0 | _aBuzz contra torque / Mark McVeigh ; ilustraciones de Atelier Philippe Harchy |
| 260 | _aBogotá : Grupo Editorial Norma | ||
| 300 | _a48 P. | ||
| 650 | 1 | 4 | _aCuento Contemporaneo |
| 942 | _cLGB | ||
| 999 |
_c49192 _d49192 |
||